| 000 | 00918nam a2200241 a 4500 | ||
|---|---|---|---|
| 003 | BD-DhJNU | ||
| 005 | 20260218044216.0 | ||
| 008 | 251108s2023 bg |||g |||| 000 1|ben|d | ||
| 020 | _a9789848116470 | ||
| 040 |
_aBD-DhJNU _bben _cBD-DhJNU _dBD-DhJNU |
||
| 041 | _aben | ||
| 082 |
_a954.92 SEB _223 |
||
| 100 | _aসেন, দীনেশচন্দ্র | ||
| 245 | 1 | 0 |
_aবৃহৎ বঙ্গ (১ম খণ্ড) / _cদীনেশচন্দ্র সেন |
| 246 | _aBrihot Bongo (1st Part) | ||
| 250 | _a1st ed. | ||
| 260 |
_aঢাকা : _bবইপত্র, _c2023. |
||
| 300 |
_a৬৫৪ পৃ. : _bচিত্র ; _c২২ সেমি.। |
||
| 504 | _aগ্রন্থপঞ্জিগত নির্দেশিকা ও নিঘন্ট অন্তভূক্ত | ||
| 650 | _aবঙ্গের ইতিহাস | ||
| 650 | _aHistory of Bengal | ||
| 942 | _cBK | ||
| 999 |
_c2625 _d2625 |
||